000 00625nam a2200193Ia 4500
003 GCL
008 140319s9999 xx 000 0 ara d
040 _aGCL /
_cGCL
082 0 4 _a627.042
_bم هـ
100 1 _aمحمد عبدالرحمن الجناينى
245 1 0 _aالهيدرولوجيل ومبادى هندسة الرى /
_cمحمد عبدالرحمن الجناينى
700 1 _aفاروق الفتيانى
260 _a[S.N] :
_bدار الراتب الجامعية ،
_c1986
300 _a264 ص
490 _a
650 0 4 _aالهيدروليكا
650 0 4 _aهندسة الرى
942 _2ddc
_cBK
999 _c49389
_d49389